00894nam a2200229 a 4500001001000000003000500010005001700015008004100032010001100073011001100084040000900095100002600104245014700130260004100277500006000318502009300378650004000471650003200511650002700543650002400570856007000594000111917CHAP20220329144235.0151013s2015 mx a fsm |||||||spa d a108378 a109350 cCHAP1 aMontejo Haas, Abimael10aAgroecosistemas sustentables para la autonomía alimentaria. Caso "Caxan-cuxtal" Dzemocut, Yucatánh[En línea]cpor Abimael Montejo Haas. aChapingo, Méx. :bEl autor,c2015. aPara ver el contenido del material haga clic en la liga aTesis (Ing. Agr. Esp. en Sociología Rural) -- UACH. Departamento de Sociología Rural14aAgricultura sustentablezYucatán.14aDesarrollo de la comunidad.14aEcología agrícola.14aGranjas familiares. aFinding aiduhttp://10.13.5.2/tesis/sist111917.pdfzTeclea aquí